000 01360nam a2200397 i 4500
001 43562
003 KOSZ 005
005 20190902121035.0
008 031210s2003 pl f |000 0 pol
020 _a8372043132
040 _cKOSZ 005
_aKOSZ 005
_dKOSZ 005/HR
041 0 _apol
046 _k2003
080 _a504.05
080 _a656.1
100 1 _aGronowicz, Jan
_d(1930- )
_eAutor
245 1 0 _aOchrona środowiska w transporcie lądowym /
_cJan Gronowicz.
260 _aPoznań ;
_aRadom :
_bWydaw. i Zakład Poligrafii Instytutu Technologii Eksploatacji,
_c2003.
300 _a371 s. :
_bil. ;
_c25 cm.
336 _2rdacontent
_aTekst
_btxt
337 _2rdamedia
_aBez urządzenia pośredniczącego
_bn
338 _2rdacarrier
_aWolumin
_bnc
380 _aKsiążki
388 _a2001-
490 1 _aBiblioteka Problemów Eksploatacji
504 _aBibliogr.
650 9 _aTransport drogowy
650 9 _aWpływ na środowisko
658 _aTransport i logistyka
658 _aOchrona środowiska
650 4 _aOchrona środowiska
710 2 _aWydawnictwo Naukowe Instytutu Technologii Eksploatacji
830 0 _aBiblioteka Problemów Eksploatacji
856 _uhttp://koha.tu.koszalin.pl/cgi-bin/koha/opac-detail.pl?biblionumber=43562
_yKatalog online BPK
942 _cKS
_2UKD
999 _c43562
_d43562